[Event "Politiken Cup 30th"]
[Site "Helsingor"]
[Date "2008.07.20"]
[Round "3"]
[White "Angskog, Kent"]
[Black "Kragh, Niels Kristian"]
[Result "1-0"]
[WhiteElo "2247"]
[BlackElo "2112"]
[PlyCount "71"]
[EventDate "2008.07.19"]
[EventType "swiss"]
[EventRounds "10"]
[EventCountry "DEN"]
[SourceTitle "CBM 125 Extra"]
[Source "ChessBase"]
[SourceDate "2008.09.01"]
[SourceVersion "1"]
[SourceVersionDate "2008.09.01"]
[SourceQuality "1"]

1. Nf3 f5 2. d3 d6 3. e4 e5 4. Nc3 Nf6 5. g3 g6 6. Bg2 c6 7. 0-0 Bg7 8. Nh4 0-0 9. exf5 gxf5 10. d4 Be6 11. dxe5 dxe5 12. Qxd8 Rxd8 13. Bh3 Bc4 14. Re1 f4 15. gxf4 e4 16. Be3 Na6 17. a3 Nc7 18. Rad1 Nfd5 19. Nxd5 Bxd5 20. Bd4 Bxd4 21. Rxd4 Kf7 22. c4 c5 23. Rxd5 Nxd5 24. cxd5 Rxd5 25. Nf3 Kf6 26. Ng5 Re8 27. Nxe4+ Kg7 28. f3 Rd2 29. f5 Rxb2 30. f6+ Kg6 31. f7 Rf8 32. Be6 b6 33. Kh1 Kh5 34. Rg1 Rd8 35. Nf6+ Kh6 36. Ne8 1-0

[Event "DEN-chT 0708"]
[Site "Denmark"]
[Date "2007.11.18"]
[Round "3.8"]
[White "Jensen, Ib Vagn Norgaard"]
[Black "Kragh, Niels Kristian"]
[Result "0-1"]
[WhiteElo "1930"]
[BlackElo "2147"]
[PlyCount "88"]
[EventDate "2007.11.10"]
[EventType "team-tourn"]
[EventRounds "9"]
[EventCountry "DEN"]
[SourceTitle "EXT 2023"]
[Source "ChessBase"]
[SourceDate "2022.10.05"]
[SourceVersion "1"]
[SourceVersionDate "2022.10.05"]
[SourceQuality "1"]
[WhiteTeam "Helsingor"]
[BlackTeam "Copenhagen K41"]
[WhiteTeamCountry "DEN"]
[BlackTeamCountry "DEN"]

1. d4 e6 2. Bf4 f5 3. e3 Nf6 4. Bd3 b6 5. Nf3 Be7 6. c4 Bb7 7. Nc3 0-0 8. 0-0 Na6 9. a3 c5 10. d5 Nh5 11. Ne5 Nxf4 12. exf4 Nc7 13. Bc2 d6 14. Nf3 exd5 15. cxd5 Bf6 16. Bxf5 g6 17. Be6+ Nxe6 18. dxe6 Bxc3 19. bxc3 Rxf4 20. Re1 Qe7 21. Re3 Raf8 22. Qe2 R8f5 23. Rd1 Bxf3 24. gxf3 Rh4 25. Qd3 d5 26. Qxd5 Rxd5 27. Rxd5 Ra4 28. Rd7 Qe8 29. Rd2 Rxa3 30. e7 Kf7 31. Rd8 Qxe7 32. Rxe7+ Kxe7 33. Rh8 Rxc3 34. Rxh7+ Kf6 35. Rxa7 b5 36. Rb7 b4 37. Kf1 b3 38. Ke2 c4 39. Rb4 Ke5 40. Kd2 Rc2+ 41. Ke3 Kd5 42. h4 b2 43. f4 c3 44. Kd3 Rc1 0-1